| 000 | 00971cas a22003017a 4500 | ||
|---|---|---|---|
| 001 | 000079520 | ||
| 005 | 20220329142004.0 | ||
| 008 | 981124c1953 enkfr p rnn 0 1b1eng d | ||
| 010 | _a76704 | ||
| 011 | _a77676 | ||
| 022 | 0 | _a0002-1490 | |
| 035 | _a87340 | ||
| 210 | 0 | _aAgric. hist. rev. | |
| 245 | 0 | 4 |
_aAgricultural history review : _bA journal of agricultural and rural history. |
| 260 |
_aLondon : _bBritish Agricultural History Society, _c1953-. |
||
| 300 | _av. :. | ||
| 310 | _aSemestral | ||
| 362 | 0 | _av.46 Part.1, 1974 | |
| 545 | _aAlgunos nĂºmeros tienen suplemento | ||
| 590 |
_aBATCH-UPD _b10 _c20130110 _lUCH01 _h2338 |
||
| 590 |
_aBATCH-UPD _b10 _c20130410 _lUCH01 _h1627 |
||
| 590 |
_aCONVERSION _b10 _c20130109 _lUCH01 _h1342 |
||
| 590 |
_aE5765TAJ _b10 _c20140130 _lUCH01 _h1345 |
||
| 650 | 1 | 4 |
_aAgricultura _xHistoria _xPublicaciones periodicas. _91525 |
| 856 |
_3http://www.bahs.org.uk/AGHRvolumes.html _zTeclea aqui |
||
| 901 | _aSE | ||
| 942 | _n0 | ||
| 999 |
_c76704 _d76704 |
||